| 000 | 00000nas##2200000za#4500 |
| 001 | 9.512345 |
| 003 | CaOODSP |
| 005 | 20200325120029 |
| 007 | ta |
| 008 | 150406c2011||||xxc|| p #||||f| |0fre|d |
| 022 | |a1927-291X |
| 040 | |aCaOODSP|bfre |
| 041 | |aeng |
| 041 | |afre |
| 043 | |an-cn--- |
| 086 | 1 |aMR12-6 |
| 110 | 1 |aCanada.|bInstituts de recherche en santé du Canada. |bInstitut de l'appareil locomoteur et de l'arthrite. |
| 245 | 10|aVoici les faits |
| 260 | |aOttawa - Ontario : |bInstituts de recherche en santé du Canada. |
| 310 | |aIrrégulier |
| 362 | 1 |aVol. 1, n° 1, automne 2011 -- |
| 520 | 3 |aExpose principalement où et comment sont utilisés les résultats des travaux des chercheurs financés par les IRSC. |
| 563 | |aJournal |
| 776 | 0#|tVoici les faits |w(CaOODSP)9.503167 |
| 791 | |tShow me the evidence |eeng|w(CaOODSP)9.512344 |